00406nam a2200157Ia 4500008004100000020001500041041001200056082001600068100001900084245005800103250000800161260003900169300000800208650001600216700001600232221030s9999 xx 000 0 und d a0071204113 aEnglish a105.23bHam aV. C. Hamacher 0aComputer Organizationcby V. C. Hamacher, Z. Vranesic a5th bMcGraw Hill Pub.aNew Delhic2002 a805 aBE Computer aZ. Vranesic